000 00757cam a2200241 a 4500
001 16109609
005 20180201031937.0
008 100226s2009 mnu b 001 0 eng
010 _a 2010288459
020 _a9780314204547
020 _a9780314151315 (pbk. ; teacher's manual)
040 _aDLC
_cDLC
041 _aeng
043 _an-us---
080 _a346 ori
100 1 _a15
101 _alaw
245 1 0 _aComputer crime law /
_cby Orin S. Kerr.
504 _aIncludes bibliographical references (p. xxxiii-xxxvi) and index.
906 _a7
_bcbc
_corigcop
_d2
_encip
_f20
_gy-gencatlg
942 _2ddc
_cBK
999 _c41433
_d41433